Manchester City Players by Picture - Statistics

General Stats
  • This quiz has been taken 1,839 times
  • The average score is 12 of 16
Answer Stats
Picture Answer % Correct
Kevin De Bruyne
99%
Sergio Agüero
95%
Kyle Walker
90%
Frank Lampard
88%
Leroy Sané
88%
Joe Hart
86%
Raheem Sterling
85%
Yaya Toure
85%
David Silva
80%
Oleksandr Zinchenko
80%
Scott Carson
64%
Jesus Navas
60%
Emmanuel Adebayor
58%
Nicolas Anelka
52%
Angeliño
47%
Liam Delap
33%
No matching quizzes found
Score Distribution
Percent of People with Each Score
Percentile by Number Answered
Your Score History
You have not taken this quiz